Statistics for Countries of Europe in 1848

Click here to take the quiz!

General Stats

  • This quiz has been taken 49,610 times
    (48,140 since last reset)
  • The average score is 31 of 55

Answers on the Map

Answers color-coded by a green-red scale on the quiz's map according to % correct below.
 

Answer Stats

Country% Correct
France
99%
Spain
99%
United Kingdom
99%
Portugal
98%
Russian Empire
98%
Denmark
96%
Belgium
94%
Greece
94%
Netherlands
94%
Sweden
94%
Norway
92%
Austrian Empire
91%
Ottoman Empire
91%
Andorra
90%
Switzerland
89%
Monaco
87%
Prussia
82%
Luxembourg
81%
Two Sicilies
80%
San Marino
78%
Liechtenstein
76%
Papal States
76%
Bavaria
72%
Sardinia
71%
San Marco
67%
Montenegro
59%
Hamburg
58%
Tuscany
52%
Saxe-Weimar-Eisenach
50%
Saxe-Altenburg
49%
Saxe-Coburg and Gotha
49%
Saxe-Meiningen
49%
Saxony
47%
Frankfurt am Main
46%
Hanover
40%
Bremen
36%
Baden
35%
Holstein
34%
Württemberg
30%
Hesse
29%
Hesse-Darmstadt
29%
Mecklenburg-Schwerin
25%
Mecklenburg-Strelitz
25%
Lübeck
23%
Parma
20%
Anhalt
19%
Oldenburg
18%
Modena
17%
Brunswick
13%
Nassau
12%
Lippe
9%
Schaumburg-Lippe
9%
Reuss-Gera
8%
Reuss-Greiz
6%
Schwarzburg-
Rudolstadt
6%

Score Distribution

Percentile by Number Answered

Percent of People with Each Score

Your Score History

You have not taken this quiz since the last reset